| 000 | 00470nam a22001577a 4500 | ||
|---|---|---|---|
| 003 | OSt | ||
| 005 | 20140310182533.0 | ||
| 008 | 130815t xxu||||| |||| 00| 0 eng d | ||
| 020 | _a9780803617322 | ||
| 050 |
_aRB 145 _b.C536 2009 |
||
| 245 |
_aClinical Hematology and Fundamentals of Hemostasis _cedited by ; Denise M. Harmening |
||
| 260 |
_aPhiladelpia: _bF.A Davis Company _cc2009. |
||
| 300 |
_a1003 p. : _bill. col. ; _c29 cm. |
||
| 942 |
_2lcc _cHS |
||
| 999 |
_c14162 _d14162 |
||